Objetos que nos miran / (Registro nro. 11048)

Detalles MARC
000 -CABECERA
Longitud fija campo de control 00771nam a2200253 a 4500
003 - • IDENTIFICADOR DELl NÚMERO DE CONTROL
Identificador del número de control CO-ViMGA
008 - • CÓDIGOS DE INFORMACIÓN DE LONGITUD FIJA
Códigos de información de longitud fija 141112s2004 ck r 000 u spa d
020 ## - • NÚMERO INTERNACIONAL NORMALIZADO PARA LIBROS
Número Internacional Normalizado para Libros (ISBN) 9789588418094
040 ## - FUENTE DE LA CATALOGACIÓN
Centro catalogador de origen CO-ViMGA
Lengua de catalogación spa
Centro transcriptor CO-ViMGA
100 1# - • PUNTO DE ACCESO PRINCIPAL-NOMBRE DE PERSONA
Nombre de persona Malaver, Olga
245 10 - • TITULO PROPIAMENTE DICHO
Título Objetos que nos miran /
Mención de responsabilidad, etc. Olga Malaver ; obra fotográfica Ramón Giovanni
300 ## - • DESCRIPCIÓN FÍSICA
Extensión 88 p. / 21 cm.
490 ## - • MENCIÓN DE SERIE
Mención de serie Los conjurados ; 41
500 ## - • NOTA GENERAL
Nota general Catalogación en la fuente.
650 14 - • PUNTO DE ACCESO ADICIONAL DE MATERIA - TÉRMINO DE MATERIA
Término de materia o nombre geográfico como elemento inicial MESAS - - POESÍAS
650 14 - • PUNTO DE ACCESO ADICIONAL DE MATERIA - TÉRMINO DE MATERIA
Término de materia o nombre geográfico como elemento inicial POESÍA COLOMBIANA
650 14 - • PUNTO DE ACCESO ADICIONAL DE MATERIA - TÉRMINO DE MATERIA
Término de materia o nombre geográfico como elemento inicial RELOJES - - POESÍAS
650 14 - • PUNTO DE ACCESO ADICIONAL DE MATERIA - TÉRMINO DE MATERIA
Término de materia o nombre geográfico como elemento inicial SILLAS - - POESÍAS
700 1# - • PUNTO DE ACCESO ADICIONAL - NOMBRE DE PERSONA
Nombre de persona Giovanni, Ramón, fot.
942 ## - ENTRADA DE ELEMENTOS AGREGADOS (KOHA)
Fuente de clasificaión o esquema Dewey Decimal Classification
Koha [por defecto] tipo de item LIbro
Existencias
Perdido Fuente de clasificación o esquema Estado Físico No para préstamo Forma de adquisición Localización permanente Localización actual Fecha adquisición Serie de enumeración / cronolog&íacute;a Préstamos totales Signatura completa Código de barras Fecha última consulta Número de copia Fecha del precio de reemplazo Tipo de item de Koha Localización en estanterías Note pública Número de registro Fuente de adquisición
  Dewey Decimal Classification     Colección General Biblioteca Pública Dorado Biblioteca Pública Dorado 05/16/2024     P MAL3 DOR01186 05/16/2024 Ej.1 05/16/2024 LIbro Literatura      
  Dewey Decimal Classification       Biblioteca Pública Fuentedeoro - Henry Llanos García Biblioteca Pública Fuentedeoro - Henry Llanos García 03/04/2025     C ALA3 Fo00002057 03/04/2025 Ej.1 03/04/2025 Libro Infantil Sala Infantil      
  Dewey Decimal Classification     Colección General Biblioteca Pública Puerto Lleras Biblioteca Pública Puerto Lleras 03/01/2024     P MAL3 PLL01302 03/01/2024 Ej.1 03/01/2024 Libro Literatura Literatura      
  Dewey Decimal Classification     Colección General Biblioteca Pública San Carlos de Guaroa - Eduardo Carranza Biblioteca Pública San Carlos de Guaroa - Eduardo Carranza 11/01/2023     P MAL3 SG01252 11/01/2023 Ej.1 11/01/2023 LIbro Literatura      
  Dewey Decimal Classification     Sala General Biblioteca Barrio Emporio - Villavicencio Biblioteca Barrio Emporio - Villavicencio 12/04/2015 27/ene/2015   P MAL3 ICM00085 12/04/2015 Ej. 1 12/04/2015 LIbro        
  Dewey Decimal Classification     Colección General Biblioteca Pública Barranca de Upia - María Dolores Herrera Biblioteca Pública Barranca de Upia - María Dolores Herrera 10/03/2023     P MAL3 BUP00810 10/03/2023 Ej.1 10/03/2023 LIbro Literatura      
  Dewey Decimal Classification     Colección General Biblioteca Pública Barranca de Upia - María Dolores Herrera Biblioteca Pública Barranca de Upia - María Dolores Herrera 10/03/2023     P MAL3 BUP00834 10/03/2023 Ej.2 10/03/2023 LIbro Literatura      
        Colección Sala Infantil de Literatura Pocatil y Tilín Biblioteca Pública Departamental Eduardo Carranza - Villavicencio Biblioteca Pública Departamental Eduardo Carranza - Villavicencio 01/23/2015     P MAL3 ECAICM23779 11/26/2024 Ej.1 11/26/2024 LIbro Local Patrimonial 17672 | 22647    
  Dewey Decimal Classification     Literatura General Biblioteca Pública Granada - Boca del Monte Biblioteca Pública Granada - Boca del Monte 02/18/2026     P-MAL3 GRDA02037 02/18/2026 Ej.1 02/18/2026 LIbro Literatura     BIBLIOTECA NACIONAL
  Dewey Decimal Classification     Colección General Biblioteca Pública Uribe - Reinerio Arenas Biblioteca Pública Uribe - Reinerio Arenas 01/17/2025     P MAL3 URI02246 01/17/2025 Ej.1 01/17/2025 Libro Literatura Literatura      
  Dewey Decimal Classification       Biblioteca Pública Vistahermosa Biblioteca Pública Vistahermosa 06/25/2025     P MAL3 VIST 0002469 06/25/2025 Ej.1 06/25/2025 LIbro     P MAL3 EJ1  









Instituto Departamental de Cultura del Meta - Red Departamental de Bibliotecas Públicas del Meta.